00939nam a2200265Ia 450000500170000000800410001702000190005810000300007724501140010725000390022130000270026049000460028765000370033365000420037065000340041270000370044694200150048326400260049833600270052433700330055133800280058404000350061208400110064799900150065820220317001037.0160825s2008 sp g 000 0 spa  a978842063360121 aProust, Marceld1871-192210aEn busca del tiempo perdido, 2ba la sombra de las muchachas en florcMarcel Proust ; traductor Pedro Salinas a1a. edición b7a. reimpresión  a644 páginas c24 cm  aEl libro de bolsillopbiblioteca de autor142LEMBaNovela francesa ySiglo XX142LEMB aLiteratura francesa ySiglo XX142LEMB aAmor en la literatura 1 aSalinas, Pedrod1891-1951916983 2loccBKLIT aMadridbAlianzac2008 atextobtxt2rdacontent asin mediaciónbn2rdamedia avolumenbnc2rdacarrier aCO-BoRNBPbspaerdacCO-BoRNBP aN PRO1 c5769d5769